Statistics for Highest and Lowest Country-Capital Ratios

Click here to take the quiz!

General Stats

  • This quiz has been taken 388 times
  • The average score is 12 of 20

Answer Stats

%CountryCapital% Correct
HIGHEST100.00%Vatican CityVatican City
91%
LOWEST01.74%United StatesWashington DC
90%
LOWEST01.72%BrazilBrasília
86%
HIGHEST100.00%SingaporeSingapore
85%
HIGHEST100.00%MonacoMonaco
84%
LOWEST01.65%ChinaBeijing
81%
LOWEST01.18%IndiaNew Delhi
79%
LOWEST01.64%AustraliaCanberra
77%
LOWEST00.51%NigeriaAbuja
65%
LOWEST00.66%PakistanIslamabad
60%
HIGHEST85.33%KuwaitKuwait City
55%
HIGHEST58.86%QatarDoha
55%
HIGHEST90.53%BruneiBandar Seri Begawan
47%
HIGHEST65.34%IcelandReykjavik
40%
HIGHEST64.19%DjiboutiDjibouti
35%
LOWEST01.73%BurmaNaypyidaw
29%
LOWEST00.77%TanzaniaDodoma
28%
HIGHEST80.20%BahamasNassau
27%
HIGHEST54.54%LebanonBeirut
24%
LOWEST00.95%Côte d'IvoireYamoussoukro
14%

Score Distribution

Percentile by Number Answered

Percent of People with Each Score

Your Score History

You have not taken this quiz